| 000 | 00778nam a2200253 a 4500 | ||
|---|---|---|---|
| 008 | |||
| 020 | _a0273611186 (pbk.) | ||
| 049 | _aMAIN | ||
| 090 |
_aHD58.8 _bBUR |
||
| 100 | 1 | _aBurnes, Bernard. | |
| 245 | 1 | 0 |
_aManaging change : _ba strategic approach to organisational dynamics / _cBernard Burnes. |
| 250 | _a2nd ed. | ||
| 260 |
_aLondon : _bPitman, _c1996. |
||
| 300 |
_axvi, 396 p. : _bill. ; _c25 cm. |
||
| 504 | _aIncludeas bibliographical references. | ||
| 500 | _aIncludes index. | ||
| 650 | 0 |
_aOrganizational change _xManagement. |
|
| 653 | 0 |
_aOrganisational behaviour _aManagement. |
|
| 907 |
_a.b10155247 _b30-01-12 _c28-02-05 |
||
| 003 | |||
| 005 | 20230123125358.0 | ||
| 040 | _cNUST | ||
| 942 |
_cBOOKS _kHD58.8 _mBUR |
||
| 999 |
_c140511 _d140511 |
||